01018nam a2200241 a 450000100100000000500170001000800410002704000250006808200230009310000330011624500950014925000120024426000100025630000350026650000710030159000270037260000420039965000420044165100480048391000370053195201910056899900170075900003263920240313182404.0110725s1939 dr r 000 0 spa d aDO-SdBNPbspacBNPHU a923.9bL791C, 19391 aLlaverías, Federico91015710aCristóbal Colón :bel hallazgo de sus restos en Santo Domingo /cFederico Llaverías. a4a. ed. a1939. a27 p. :bil., retrs. ;c24 cm. aIncluye referencias bibliográficas y notas al pie de las paginas aInventariado, 2018/MFF 0aCOLÓN, CRISTOBAL,d1436-1456919795 4aTumbaszRepública Dominicana958528 4aRepública DominicanaxAntiguidades958529 aValidado. Control de calidad MFF 001050718RVaPDbPDcHDd2011-07-25iLF1l0o923.9 L791C, 1939p32639-10r2020-06-25w2020-06-25y1zPerteneció a la biblioteca personal de Carlos Larrazábal Blanco.ZNo se presta c32130d32130